Sun Belt Logo Quiz - Statistics

General Stats
  • This quiz has been taken 10 times
  • The average score is 12 of 14
Answer Stats
Picture Answer % Correct
James Madison
100%
Appalachian State
89%
Arkansas State
89%
Coastal Carolina
89%
Georgia Southern
89%
Georgia State
89%
Marshall
89%
South Alabama
89%
Southern Miss
89%
Troy
89%
Old Dominion
78%
Texas State
78%
Louisiana
67%
UL Monroe
56%
No matching quizzes found
Score Distribution
Percent of People with Each Score
Percentile by Number Answered
Your Score History
You have not taken this quiz